Vedecká konferencia o vývine muzeológie v Čechách a na Slovensku po r. 1945

Bibliographic Details
Main Author: (Author)
Format: Article
Language:Slovak
ISSN:0027-5263
Subjects:

MARC

LEADER 00000nab a2200000 a 4500
001 vtls000625460
003 SK-MaSNL
005 20260304100204.0
008 250425c1997 xo 0 slo
015 |a SNBRB19rr/mm-uuuuu 
035 |a CL0625599 
035 |a urn:nbn:sk:snk-ab2nwa 
035 |a (urnnbn)urn:nbn:sk:snk:ar-a02omx 
035 |a (uuid)256065f2-bce4-436b-81f2-c3dbf4687e88 
040 |a SNKBUCL  |b slo  |c SNKBUCL  |e AACR2 
041 0 |a slo 
044 |a xo  |c SK 
080 |a 069(437.1/.2+437.6):061.3  |2 1981 
080 |a 069(437.6)  |2 1981 
100 1 |a Sá  |4 aut  |9 863186 
245 1 0 |a Vedecká konferencia o vývine muzeológie v Čechách a na Slovensku po r. 1945  |c Sá 
650 0 7 |a muzeológia  |2 snkbucl  |9 26558 
655 7 |a články z novín a časopisov  |2 snkbucl  |9 267496 
773 0 |t Múzeum  |g Roč. 42, č. 2 (1997), s. 40  |x 0027-5263 
850 |a Slovenská národná knižnica 
852 |a Slovenská národná knižnica 
954 |a odborná, vedecká literatúra pôvodná (slovenská)  |2 lita 
958 |a article27 
958 |a SK 
958 |a CZ 
958 |a RK 
958 |a OND 
958 |a EUIPO 
992 |a RBX 
999 |c 2836680  |d 2838610